000 00836nam a2200265Ia 4500
003 OSt
005 20220925195708.0
006 a|||||r|||| 00| 0
007 ta
008 220923b |||||||| |||| 00| 0 eng d
020 _a0226902188
037 _cGeneral Book
040 _aRTL
_cRTL
_beng
041 _2eng
_aeng
082 _aY73(MY6), M1
100 _aWinterhalder Bruce
_9255279
245 0 _aHunter-gatherer foraging strategies
_b Ethnographic and archeological analyses
260 _aChicago
_bUniversity of Chicago Press
_c1981
300 _ax,268p
_ccm.
490 _aPrehistoric Archaeology and Ecology
650 _aEthnology
_935130
700 _a Smith Eric Alden Ed.
_9255280
942 _hY73(MY6), M1
_cGB
_2CC
999 _c533934
_d533934